Fuzzy sets and systems : theory and applications /

Guardado en:
Autor Principal: Dubois, Didier.
Otros Autores: Prade, Henri M.
Formato: Libro
Idioma:English
Publicado: New York : Academic Press, 1980.
Series:Mathematics in science and engineering ; v. 144
Materias:
Etiquetas: Agregar Etiqueta
Sin Etiquetas, Sea el primero en etiquetar este registro!
LEADER 00813cam a2200241 a 4500
001 MAT.inmabb002695
008 791106s1980####nyua#####b####001#0#eng##
005 20130419124455.0
245 1 0 |a Fuzzy sets and systems :  |b theory and applications /  |c Didier Dubois, Henri Prade. 
260 |a New York :  |b Academic Press,  |c 1980. 
300 |a xvii, 393 p. :  |b il. ;  |c 24 cm. 
440 0 |a Mathematics in science and engineering ;  |v v. 144 
504 |a Incluye referencias bibliográficas e índices. 
510 4 |a MR,  |c 82c:03074 
020 |a 0122227506 
100 1 |a Dubois, Didier. 
700 1 |a Prade, Henri M. 
650 0 |a Fuzzy sets. 
650 0 |a Fuzzy systems. 
084 |a 03E72 (03B52 03E75 90B99 93-02 94D05)  |2 msc2000 
010 |a  79025992  
040 |a DLC  |c DLC  |d DLC 
859 |h 03  |i D815  |p A-5149  |b BIB. MATEMATICA